00518nam a2200157Ia 4500008004100000082002300041100001800064245003100082260003300113365000600146630003100152730003100183942000900214999001900223952011800242100415s9999 xx 000 0 und d b21959a639.9(5414) aSAHGAL, BITTU aThe Sundarbans Inheritance aMUMBAIc2007bSANCTUARY ASIA b0 aThe Sundarbans Inheritance aThe Sundarbans Inheritance cBOOK c604841d604838 00104070aBNHSbBNHSd2007-03-07g0.00l0o639.9(5414) 21959pBNHS-21959r2010-04-15 00:00:00w2010-04-15yBOOK